000
00316nam a2200109Ia 4500
008
171204s9999 xx 000 0 und d
245
_a
Plant Microbiology:
245
_c
A. Holmes and M. Gillings
260
_c
2015
650
_x
Microbiology & Parasitology
856
_u
http://down.ebook777.com/021/9781859962244.pdf
999
_c
346383
_d
346383